Normal view
MARC view
- NC Sana Riaz PC Sobia Farooq
Entry Personal Name
001 - CONTROL NUMBER
- control field: 73022
003 - CONTROL NUMBER IDENTIFIER
- control field: NUST
005 - DATE AND TIME OF LATEST TRANSACTION
- control field: 20210628204944.0
008 - FIXED-LENGTH DATA ELEMENTS
- fixed length control field: 210628|| aca||aabn | a|a d
040 ## - CATALOGING SOURCE
- Original cataloging agency: NUST
- Transcribing agency: NUST
100 ## - HEADING--PERSONAL NAME
- Personal name: NC Sana Riaz PC Sobia Farooq
670 ## - SOURCE DATA FOUND
- Source citation: Work cat.: (NUST): NC Sana Riaz PC Sobia Farooq , PR-SOF-1901-Customized Power Supply for Li-Ion Version of Pag Belt, 2020
